Statistics for Fire/Explosion Quiz

Click here to take the quiz!

General Stats

  • This quiz has been taken 11 times
  • The average score is 7 of 15

Answer Stats

HintAnswer% Correct
Gray Vapor that Comes Out of a FireSmoke
100%
1986 Radioactive ExplosionChernobyl
91%
What Candles are made ofWax
82%
When Fire Gets Onto Someones SkinBurn
73%
Job to Stop Fire'sFire Fighter
64%
When a Star ExplodesSupernova
55%
Trinitrotoluene short nameTNT
55%
Another Word for FireworksPyrotechnics
45%
Giant Ball of Fire in SpaceStar
45%
Famous City was Burned Down in 1871Chicago
36%
Idem To Stop Small Fires in a BuildingsFire Extinguisher
36%
The Most Flammable ElementHydrogen
27%
The Biggest Man Made ExplosionTsar Bomba
18%
When a Explosion breaks the Sound BarrierShock Wave
9%
City Burned Down in The BibleSodom and Gomorrah
9%

Score Distribution

Percentile by Number Answered

Percent of People with Each Score

Your Score History

You have not taken this quiz